书目信息 |
| 题名: |
自动控制原理
|
|
| 作者: | 王艳华 主编 | |
| 分册: | ||
| 出版信息: | 北京 中国电力出版社 2007.11 |
|
| 页数: | 224页 | |
| 开本: | 26cm | |
| 丛书名: | ||
| 单 册: | ||
| 中图分类: | TP13 | |
| 科图分类: | ||
| 主题词: | 自动控制理论--zi dong kong zhi li lun--高等学校--教材 | |
| 电子资源: | ||
| ISBN: | 978-7-5083-6090-4 | |
| 000 | 00928nam0 2200253 450 | |
| 001 | 012008861126 | |
| 005 | 20080601151543.75 | |
| 010 | @a978-7-5083-6090-4@dCNY23.00 | |
| 100 | @a20080601d2007 em y0chiy0120 ea | |
| 101 | 0 | @achi |
| 102 | @aCN@b110000 | |
| 105 | @aa a 000yy | |
| 106 | @ar | |
| 200 | 1 | @a自动控制原理@Azi dong kong zhi yuan li@f王艳华主编@Fwang yan hua zhu bian |
| 210 | @a北京@c中国电力出版社@d2007.11 | |
| 215 | @a224页@c图@d26cm | |
| 300 | @a普通高等教育“十一五”规范教材·高职高专教育 | |
| 320 | @a有书目 (第224页) | |
| 330 | @a全书共分为7章,主要内容包括控制理论概述、自动控制系统的数学模型、时域分析法、根轨迹法等。各章均配有实例、MATLAB仿真软件应用、小结、术语和概念及习题,便于读者学习。 | |
| 606 | 0 | @a自动控制理论@Azi dong kong zhi li lun@x高等学校@j教材 |
| 690 | @aTP13@v4 | |
| 701 | 0 | @a王艳华@Awang yan hua@4主编 |
| 801 | 0 | @aCN@bQSSK@c20080601 |
| 905 | @b720865-66@dTP13@eW412@f2 | |
| 自动控制原理/王艳华主编.-北京:中国电力出版社,2007.11 |
| 224页:图;26cm |
| 普通高等教育“十一五”规范教材·高职高专教育 |
| ISBN 978-7-5083-6090-4:CNY23.00 |
| 全书共分为7章,主要内容包括控制理论概述、自动控制系统的数学模型、时域分析法、根轨迹法等。各章均配有实例、MATLAB仿真软件应用、小结、术语和概念及习题,便于读者学习。 |
| ● |
| 相关链接 |
|
|
|
正题名:自动控制原理
索取号:TP13/W412
 
预约/预借
| 序号 | 登录号 | 条形码 | 馆藏地/架位号 | 状态 | 备注 |
| 1 | 720865 | 207208653 | 自科库301/301自科库 101排5列2层/ [索取号:TP13/W412] | 在馆 | |
| 2 | 720866 | 207208662 | 自科库301/301自科库 101排5列2层/ [索取号:TP13/W412] | 在馆 |